• 首页
  • 本馆介绍
  • 公告通知
  • 最新文献
  • 馆藏检索
  • 电子资源
  • 读者导购
  • 参考咨询
  • 我的图书馆
  • 登录
  • 详细信息显示
  • 放入我的书架
  • 预约/预借图书
  • 作者相关作品
  • 分类相关作品
  • 丛书相关作品
  • 出版社相关作品

书目信息

  • 表格格式
  • 工作单格式
  • 卡片格式
书名: The emergence of liberation theology : radical religion and social movement theory ocial movement theory
作者: Christian Smith.
分册号:
分册名:
出版地: Chicago AND london. :
 
出版社: The University of Chicago Press
出版时间: c1991.
页数: 300 p. ;
开本: 20cm.
丛书名:
中图分类号:
科图分类号:
其他分类号: B921
主题词:
电子资源:
000 00388-226-7600109(alk. p
005 20070516090258.25
020    @a0-226-76409-5.
090    @aB921
099    @dB921@ex28
245    @aThe emergence of liberation theology : radical religion and social movement theory ocial movement theory / @cChristian Smith.
260    @aChicago AND london. :@bThe University of Chicago Press,@cc1991.
300    @a300 p. ;@c20cm.
    
    The emergence of liberation theology : radical religion and social movement theory ocial movement theory / / Christian Smith.-Chicago AND london. : : The University of Chicago Press, , c1991.
    300 p. ; ; 20cm.
    
    
    ISBN 0-226-76409-5.
    
●
相关链接 在E读中查询图书 在五车中查询图书 在当当中查询图书 在豆瓣中查询图书


正题名:The emergence of liberation theology : radical religion and social movement theory ocial movement th     索取号:B921/x28         预约/预借

序号 登录号 条形码 馆藏地/架位号 状态 备注
1 9408   300094083   第二样本阅览室/ [索取号:B921/x28] 在馆    
2 9409   300094092   第四借阅区/ [索取号:B921/x28] 在馆    
唐山师范学院图书馆 欢迎您!
大连网信软件有限公司© 版权所有